Loading...
| Fine Arts - Classical Music | 0 | 15 | 0 | 1 | 150 | 15 | 99.93 | 4 | 6 |
| Philosophy | 0 | 12 | 0 | 1 | 120 | 38 | 104.58 | 0 | 4 |
| Fine Arts - Other Fine Arts | 0 | 9 | 0 | 2 | 90 | 24 | 104.22 | 1 | 1 |
| Science - Physics | 0 | 8 | 1 | 0 | 75 | 71 | 88.63 | 2 | 4 |
| Fine Arts - Painting & Sculpture | 0 | 6 | 0 | 4 | 60 | 128 | 140.67 | 0 | 0 |
| History - Other History | 0 | 5 | 0 | 2 | 50 | 113 | 124.80 | 0 | 0 |
| Social Science | 0 | 4 | 0 | 1 | 40 | 82 | 112.00 | 0 | 1 |
| Literature - World Literature | 0 | 4 | 1 | 1 | 35 | 84 | 126.50 | 0 | 0 |
| History - European History | 0 | 3 | 0 | 0 | 30 | 120 | 132.00 | 0 | 0 |
| Science - Chemistry | 0 | 3 | 0 | 0 | 30 | 41 | 91.67 | 1 | 2 |
| Science - Other Science | 0 | 3 | 0 | 0 | 30 | 74 | 88.33 | 0 | 2 |
| Mythology | 0 | 3 | 0 | 1 | 30 | 70 | 114.33 | 0 | 1 |
| Literature - European Literature | 0 | 3 | 1 | 0 | 25 | 102 | 123.67 | 0 | 0 |
| Literature - British Literature | 0 | 2 | 0 | 0 | 20 | 129 | 133.00 | 0 | 0 |
| Current Events | 0 | 1 | 0 | 0 | 10 | 112 | 112.00 | 0 | 0 |
| History - World History | 0 | 1 | 0 | 0 | 10 | 91 | 91.00 | 0 | 0 |
| History - American History | 0 | 1 | 0 | 0 | 10 | 90 | 90.00 | 0 | 0 |
| Literature - American Literature | 0 | 1 | 2 | 0 | 0 | 100 | 100.00 | 0 | 0 |